Online
Catalog
Normal view MARC view

Entry Nombre personal

Number of records used in: 12

001 - NÚMERO DE CONTROL

  • campo de control: 12263

003 - IDENTIFICADOR DEL NÚMERO DE CONTROL

  • campo de control: BNPHU

005 - FECHA Y HORA DE LA ÚLTIMA TRANSACCIÓN

  • campo de control: 20250123131622.0

008 - DATOS DE LONGITUD FIJA

  • campo de control de longitud fija: 200615|| aca||aabn | a|a d

010 ## - NÚMERO DE CONTROL DE LA BIBLIOTECA DEL CONGRESO

  • Número de control de LC: n 97077316

040 ## - FUENTE DE LA CATALOGACIÓN

  • Centro catalogador/agencia de origen: DO-SdBNP
  • Lengua de catalogación: spa
  • Centro/agencia transcriptor: BNPHU
  • Normas de descripción: spa

100 1# - ENCABEZAMIENTO-NOMBRE DE PERSONA

  • Nombre de persona: Hernández Mella, Rocio

370 ## - LUGAR ASOCIADO

  • Lugar de nacimiento: República Dominicana

375 ## - GÉNERO/SEXO

  • Género/Sexo: Feminino

377 ## - LENGUA/LENGUAJE ASOCIADO

  • Código del idioma: spa

400 1# - TRAZADO DE VÉASE--NOMBRE DE PERSONA

  • Nombre de persona: Mella, Rocío Hernández

670 ## - FUENTE DE DATOS ENCONTRADOS

  • Cita de la fuente: Work cat.: (OSt)3959: Sáez, Miguel 2988, Globalización, desarrollo humano y educación /, 1996.

670 ## - FUENTE DE DATOS ENCONTRADOS

  • Cita de la fuente: Educación, democracia, ciudadanización y construcción ... c1996:
  • Información encontrada: portada (Rocío Hernández Mella)

Powered by Koha